000 00337nam a2200145Ia 4500
005 20250508062854.0
008 240331s9999 xx 000 0 und d
082 _bTHA
_a891
100 _aThalaiyasingham, M
245 0 _aPorparavai
260 _aKovai
_bPaarijaatham Achagam
_c1985
300 _a312 p .,
650 _aNovel
942 _cL
999 _c4371
_d4371